000
00325nam a2200133Ia 4500
008
220216s9999 xx 000 0 und d
100
_a
Sanderson W E
245
0
_a
Colouring of cold cured rubber
260
_b
IRI Transactions
_c
1928
300
_a
22-39
650
_a
Cold cured rubber
650
_a
Colouring
942
_c
JS
999
_c
55856
_d
55856